| 000 | 01227 a2200253 4500 | ||
|---|---|---|---|
| 003 | NUST | ||
| 005 | 20221121182658.0 | ||
| 010 | _a 2002282198 | ||
| 020 | _a007060228X | ||
| 040 | _cNust | ||
| 082 | 0 | 0 | _a515.63,SPI |
| 100 | 1 | _aSpiegel, Murray R. | |
| 245 | 1 | 0 |
_aSchaum's outline of theory and problems of vector analysis and an introduction to tensor analysis / _cMurray R. Spiegel. |
| 246 | 1 | 4 | _aVector analysis and an introduction to tensor analysis |
| 250 | _aSI (metric) ed. | ||
| 260 |
_aNew York : _bMcGraw-Hill, _cc1981 |
||
| 300 |
_a225 p. : _bill. ; _c28 cm. |
||
| 490 | 0 | _aSchaum's outline series | |
| 505 | _aVectors and Scalars (Page-1), The Dot and Cross Product (Page-16), Vector Differentiation (Page-35), Gradient Divergence and Curl (Page-57), Vector Integration (Page-82), The Divergence Theorem Stokes Theorem and Related Integral Theorems (Page-106), Curvilinear Coordinates (Page-135), Tensor Analysis (Page-166). | ||
| 650 | 0 | _aVector analysis. | |
| 856 | 4 | 2 |
_3Contributor biographical information _uhttp://www.loc.gov/catdir/enhancements/fy0739/2002282198-b.html |
| 856 | 4 | 2 |
_3Publisher description _uhttp://www.loc.gov/catdir/description/mh031/2002282198.html |
| 942 |
_2ddc _cBK _k515.63,SPI |
||
| 999 |
_c178465 _d178465 |
||